MARC details
| 000 -LEADER |
| fixed length control field |
02118cam a2200289 b 4500 |
| 003 - CONTROL NUMBER IDENTIFIER |
| control field |
3228 |
| 005 - DATE AND TIME OF LATEST TRANSACTION |
| control field |
20250904124719.0 |
| 008 - FIXED-LENGTH DATA ELEMENTS--GENERAL INFORMATION |
| fixed length control field |
200103s2019 sa 000 0aeng |
| 020 ## - INTERNATIONAL STANDARD BOOK NUMBER |
| International Standard Book Number |
9781928420545 (paperback) |
| 040 ## - CATALOGING SOURCE |
| Original cataloging agency |
MPL |
| Description conventions |
Resource Description and Access |
| Transcribing agency |
3228 |
| 041 ## - LANGUAGE CODE |
| Language code of text/sound track or separate title |
english |
| 082 #0 - DEWEY DECIMAL CLASSIFICATION NUMBER |
| Classification number |
920 KOOP |
| 264 #1 - PRODUCTION, PUBLICATION, DISTRIBUTION, MANUFACTURE, AND COPYRIGHT NOTICE |
| Place of production, publication, distribution, manufacture |
Auckland Park, South Africa : |
| Name of producer, publisher, distributor, manufacturer |
MF Books Joburg, |
| Date of production, publication, distribution, manufacture, or copyright notice |
2019. |
| 336 ## - CONTENT TYPE |
| Content type term |
text |
| Content type code |
txt |
| Source |
rdacontent |
| 337 ## - MEDIA TYPE |
| Media type term |
unmediated |
| Media type code |
n |
| Source |
rdamedia |
| 338 ## - CARRIER TYPE |
| Carrier type term |
volume |
| Carrier type code |
nc |
| Source |
rdacarrier |
| 100 1# - MAIN ENTRY--PERSONAL NAME |
| Personal name |
Koopman, Kelly-Eve |
| Relator term |
author. |
| 245 10 - TITLE STATEMENT |
| Title |
Because I couldn't kill you : |
| Remainder of title |
a memoir / |
| Statement of responsibility, etc. |
Kelly-Eve Koopman. |
| 300 ## - PHYSICAL DESCRIPTION |
| Extent |
xiii, 167 pages ; |
| Dimensions |
24 cm |
| 520 ## - SUMMARY, ETC. |
| Summary, etc. |
"In the shattered fantasy of rainbow-nation South Africa, there are many uncomfortable truths. Among these are family secrets - the legacies of traumas in the homes and bones of ordinary South African families. In this debut collection, feminist and Khoi San activist Kelly-Eve Koopman grapples with the complex beauty and brutality of the everyday as she struggles with her family legacy. She tries unsuccessfully to forget her father - a not-so-prominent journalist and anti-apartheid activist, desperately mentally ill and expertly emotionally abusive - who has recently disappeared, leaving behind a wake of difficult memories. Mesmerisingly, Koopman wades through the flotsam and jetsam of generations, among shipwrecks and sunken treasures, in an attempt at familial and collective healing. Sometimes tragic, sometimes hilarious, she faces up to herself as a brown, newly privileged "elder millennial", caught between middle-class aspirations and social justice ideals. An artist, a daughter, a queer woman in love, she is in pursuit of healing, while trying to lose those last 5 kilograms, to the great disappointment of her feminist self"--Back cover. |
| 600 10 - SUBJECT ADDED ENTRY--PERSONAL NAME |
| Personal name |
Koopman, Kelly-Eve. |
| 650 #0 - SUBJECT ADDED ENTRY--TOPICAL TERM |
| Topical term or geographic name entry element |
Sexual minority women |
| General subdivision |
Family relationships |
| Geographic subdivision |
South Africa |
| Form subdivision |
Biography. |
| 650 #0 - SUBJECT ADDED ENTRY--TOPICAL TERM |
| Topical term or geographic name entry element |
Feminism |
| Geographic subdivision |
South Africa. |
| 655 #7 - INDEX TERM--GENRE/FORM |
| Genre/form data or focus term |
Biography |
| Source of term |
lcgft |
| 655 #7 - INDEX TERM--GENRE/FORM |
| Genre/form data or focus term |
Biographies. |
| Source of term |
lcgft |
| Authority record control number or standard number |
https://id.loc.gov/authorities/genreForms/gf2014026049 |
| 942 ## - ADDED ENTRY ELEMENTS |
| Source of classification or shelving scheme |
Dewey Decimal Classification |
| item type |
Book |
| -- |
175 |
| -- |
Naomi Ntsimane |
| -- |
175 |
| -- |
Naomi Ntsimane |